000 00564nam a2200193Ia 4500
005 20260114185711.0
008 008 260114s9999 xx 000 0 eng d
020 _a9780755623419
037 _aEBOOK
040 _aCRL
_beng
_cCRL
041 _aeng
_2eng
084 _qCRL
100 _aTrevor Wild
_9873313
245 0 _aVillage England A Social History of the Countryside
260 _bBloomsbury
_c2004
856 _uhttps://doi.org/10.5040/9780755623419?locatt=label:secondary_bloomsburyCollections
942 _cEBOOK
999 _c1472261
_d1472261